000 01516nam a2200349 c 4500
003 BLK
005 20230425105406.0
008 180408b bul|||||r ||||||| ||bul||
010 _aKNG00077282000
020 _a954-528-681-4
_bиздат.: Труд - на том(кн. 3)
020 _a978-954-528-681-0
_bиздат.: Труд - на том(кн. 3)
040 _aBLK
041 _aBUL
_cBUL
080 _aАвстралийска литература
_b821.111(94)
_x-31
_z821.111(94)-31
100 1 _aХърн, Лиан
_eпърви автор
_9292231
700 1 _aЛевкова, Людмила
_eпрев. от англ.
_9363477
700 1 _aРубинстейн, Джилиан
_e*
_9117177
139 _aХърн, Лиан
_bХ 96
245 1 0 _aКланът Отори
_bРоман : Кн. 1 -
_cЛиан Хърн; прев. от англ. Людмила Левкова; * Джилиан Рубинстейн.
_nКн. 3
_pВъзмездието
257 _aAUS
260 София
_c2006 -
_fЗа том: София : Инвестпрес
300 _c20 см
380 _aX
500 _aОриг. загл. Tales of the Otori - 3 / Lian Heanh. - Офс. изд.
653 _aромани
760 1 _3- на том(кн. 3)
_aХърн, Лиан
_dТруд, 2006
_h384 с.
_nОриг. загл. Brilliance of the Moon.
_tКн. 3 Възмездието
852 _aЦб 229888
856 4 _qpdf
_u
856 4 _qpdf
_u
942 _cKNG
_n0
_04
944 _aCR
_c10.08.2007
_kПенка_Димитрова
944 _aED
_c09.02.2013
_k
999 _c72905
_d72905